Wiley interpretation and application of international financial reporting standards 2011 / (Record no. 173)

000 -LEADER
fixed length control field 00856nam a22002417a 4500
003 - CONTROL NUMBER IDENTIFIER
control field OSt
005 - DATE AND TIME OF LATEST TRANSACTION
control field 20140116120820.0
008 - FIXED-LENGTH DATA ELEMENTS--GENERAL INFORMATION
fixed length control field 111011t xxu||||| |||| 00| 0 eng d
020 ## - INTERNATIONAL STANDARD BOOK NUMBER
International Standard Book Number 9780470554425
040 ## - CATALOGING SOURCE
Transcribing agency DLC
050 ## - LIBRARY OF CONGRESS CALL NUMBER
Classification number HF5626.W55 2011
100 ## - MAIN ENTRY--PERSONAL NAME
Relator code Mackenzie, Bruce
245 ## - TITLE STATEMENT
Title Wiley interpretation and application of international financial reporting standards 2011 /
Statement of responsibility, etc Bruce Mackenzie ... [et al.].
246 ## - VARYING FORM OF TITLE
Title proper/short title Interpretation and application of international financial reporting standards 2011
246 ## - VARYING FORM OF TITLE
Title proper/short title Wiley IFRS 2011
260 ## - PUBLICATION, DISTRIBUTION, ETC. (IMPRINT)
Place of publication, distribution, etc Hoboken, N.J. :
Name of publisher, distributor, etc Hoboken, N.J. :
260 ## - PUBLICATION, DISTRIBUTION, ETC. (IMPRINT)
Place of publication, distribution, etc Chichester :
Name of publisher, distributor, etc John Wiley [distributor],
Date of publication, distribution, etc 2011.
300 ## - PHYSICAL DESCRIPTION
Extent 1114 p. ;
Dimensions ill ;
500 ## - GENERAL NOTE
General note Includes index
650 ## - SUBJECT ADDED ENTRY--TOPICAL TERM
Source of heading or term Financial statements
Topical term or geographic name as entry element Standards.
650 ## - SUBJECT ADDED ENTRY--TOPICAL TERM
Source of heading or term International business enterprises -- Accounting.
942 ## - ADDED ENTRY ELEMENTS (KOHA)
Source of classification or shelving scheme
Koha item type Book
Holdings
Withdrawn status Lost status Source of classification or shelving scheme Damaged status Not for loan Home library Current library Date acquired Source of acquisition Total Checkouts Full call number Barcode Date last seen Date checked out Copy number Price effective from Koha item type
          Riara University Library Riara University Library 11/10/2011 Purchase 1 HF5626.W55 2011 1976/11 04/07/2022 24/05/2022 C.1 11/10/2011 Book
          Riara University Library Riara University Library 11/10/2011 Purchase 2 HF5626.W55 2011 1977/11 15/05/2013 09/05/2013 C.2 11/10/2011 Book
          Riara University Library Riara University Library 11/10/2011 Purchase 2 HF5626.W55 2011 1978/11 09/06/2016 12/05/2016 C.3 11/10/2011 Book

Riara University Library,
P.O. Box 49940-00100,
Nairobi, Kenya.